[Event "Bad Homburg"]
[Site "Bad Homburg"]
[Date "1997.??.??"]
[Round "3"]
[White "Hracek, Zbynek"]
[Black "Dautov, Rustem"]
[Result "0-1"]
[WhiteElo "2605"]
[BlackElo "2595"]
[PlyCount "78"]
[EventDate "1997.07.26"]
[EventType "tourn"]
[EventRounds "9"]
[EventCountry "GER"]
[EventCategory "14"]
[WhiteTeamCountry "ESP"]
[BlackTeamCountry "ESP"]

1. Nf3 Nf6 2. c4 e6 3. Nc3 Bb4 4. Qc2 O-O 5. a3 Bxc3 6. Qxc3 b6 7. g3 Bb7 8.
Bg2 d5 9. d4 dxc4 10. Qxc4 Bd5 11. Qd3 Be4 12. Qc3 Nbd7 13. b4 a5 14. b5 c6 15.
bxc6 Rc8 16. O-O Rxc6 17. Qb3 Qa8 18. Bg5 Bd5 19. Qd3 Rfc8 20. Rfc1 Ne4 21. Bf4
Rxc1+ 22. Rxc1 Rxc1+ 23. Bxc1 Qc6 24. Bb2 b5 25. Ne1 f5 26. f3 Nd6 27. Kf2 Nb6
28. Bc3 Nbc4 29. h3 h6 30. Nc2 Ne4+ 31. fxe4 fxe4 32. Qd1 e3+ 33. Ke1 Bxg2 34.
d5 Qd6 35. Qd4 Qxg3+ 36. Kd1 exd5 37. Qa7 Be4 38. Ne1 Kh7 39. h4 b4 0-1